000 00557nam a2200193 i 4500
001 bg
100 1 _aBŁASZYK, Tadeusz
245 0 _aWody podziemne :
_bzagrożenie i ochrona /
_cT. Błaszyk, H. Byczyński.
260 _aWarszawa,
_c1986.
650 9 _aWody podziemne
_xhigiena
_zPolska
650 9 _aWody podziemne
_xochrona
_xmetody
_zPolska
650 9 _aŚrodowisko człowieka
_xochrona
_zPolska
700 1 _aBYCZYŃSKI, Henryk
040 _cBPK
041 _apol
080 _a556.3:504.4
942 _cKS
008 s pl f |000 0 pol
999 _c5818
_d5818
856 _uhttp://koha.tu.koszalin.pl/cgi-bin/koha/opac-detail.pl?biblionumber=5818
_yKatalog online BPK